000 00740cam a22002533a 4500
001 21263
003 PGUSA
005 20140828083443.0
008 070430s2007||||xxu|||||s|||||000 e eng d
040 _aPGUSA
_beng
042 _adc
050 4 _aPR
100 1 _aRuskin, John,
_d1819-1900
245 1 0 _aOn the Old Road, Vol. 2 (of 2) :
_bA Collection of Miscellaneous Essays and Articles on Art and Literature
_h[electronic resource] /
_cJohn Ruskin
260 _bProject Gutenberg,
_c2007
506 _aPublic domain in the USA.
516 _aElectronic text
653 _aArt
653 _aEssays
653 _aLiterature
830 0 _aProject Gutenberg
_v21263
856 4 0 _uhttp://www.gutenberg.org/ebooks/21263
942 _cEB
999 _c250518
_d250518